Supramolecular polyners
The book highlights developments in the synthesis of complex structures, chemical design principles, and theoretical models of growth processes resulting in an increasingly accurate prediction of stability, degree of polymerization, and shape of various assemblies. It focuses on the rich variety of...
Gespeichert in:
| 1. Verfasser: | |
|---|---|
| Format: | Buch |
| Sprache: | Undetermined |
| Veröffentlicht: |
London
Taylor and Francis
2005
|
| Schlagworte: | |
| Tags: |
Tag hinzufügen
Keine Tags, Fügen Sie den ersten Tag hinzu!
|
| Thư viện lưu trữ: | Trung tâm Học liệu Trường Đại học Cần Thơ |
|---|
| LEADER | 01563nam a2200205Ia 4500 | ||
|---|---|---|---|
| 001 | CTU_97167 | ||
| 008 | 210402s9999 xx 000 0 und d | ||
| 020 | |c 2480000 | ||
| 082 | |a 547 | ||
| 082 | |b C569 | ||
| 100 | |a Ciferri, Alberto | ||
| 245 | 0 | |a Supramolecular polyners | |
| 245 | 0 | |c Alberto Ciferri | |
| 260 | |a London | ||
| 260 | |b Taylor and Francis | ||
| 260 | |c 2005 | ||
| 520 | |a The book highlights developments in the synthesis of complex structures, chemical design principles, and theoretical models of growth processes resulting in an increasingly accurate prediction of stability, degree of polymerization, and shape of various assemblies. It focuses on the rich variety of properties, functions, and applications of self-assembling supramolecular polymers. Supramolecular Polymers, Second Edition ties together potential applications such as those of nanostructures with dynamic-combinatorial-adaptive self-healing features, opto-electronic devices, supramolecular amphiphiles, hydrogels, organic/inorganic nanocomposites, molecular biosensors, molecular imprinting, molecular engines, templates for superlattices with prescribed symmetry. Several chapters of the first edition have been updated or rewritten, and an equal number of new chapters have been added. More than 500 drawings, photographs, micrographs, equations, and tables enhance and reinforce essential concepts presented in the book. | ||
| 650 | |a Polymerization,Polymers,Supramolecular chemistry | ||
| 904 | |i M.Loan | ||
| 980 | |a Trung tâm Học liệu Trường Đại học Cần Thơ | ||